| 000 | 00646cam a22002413a 4500 | ||
|---|---|---|---|
| 001 | 20076 | ||
| 003 | PGUSA | ||
| 005 | 20140828083426.0 | ||
| 008 | 061210s2006||||xxu|||||s|||||000 | eng d | ||
| 040 |
_aPGUSA _beng |
||
| 042 | _adc | ||
| 050 | 4 | _aPS | |
| 100 | 1 |
_aCoolidge, Dane, _d1873-1940 |
|
| 245 | 1 | 0 |
_aRimrock Jones _h[electronic resource] / _cDane Coolidge |
| 260 |
_bProject Gutenberg, _c2006 |
||
| 506 | _aPublic domain in the USA. | ||
| 516 | _aElectronic text | ||
| 653 | _aWestern stories | ||
| 700 | 1 | _aGage, George W. | |
| 830 | 0 |
_aProject Gutenberg _v20076 |
|
| 856 | 4 | 0 | _uhttp://www.gutenberg.org/ebooks/20076 |
| 942 | _cEB | ||
| 999 |
_c249331 _d249331 |
||